LIBRARY & INFORMATION CENTRE, KCAET, TAVANUR

ONLINE PUBLIC ACCESS CATALOGUE (OPAC)

Comprehensive engineering chemistry / (Record no. 13261)

MARC details
000 -LEADER
fixed length control field 00528cam a2200193ua 4500
041 ## - LANGUAGE CODE
Language code of text/sound track or separate title eng
082 ## - DEWEY DECIMAL CLASSIFICATION NUMBER
Classification number 540.0162
Item number DEV/CO
100 ## - MAIN ENTRY--AUTHOR NAME
Personal name Singh, Devender .
245 ## - TITLE STATEMENT
Title Comprehensive engineering chemistry /
260 ## - PUBLICATION, DISTRIBUTION, ETC. (IMPRINT)
Place of publication New Delhi :
Name of publisher I.K International Publishing House ,
Year of publication 2007.
300 ## - PHYSICAL DESCRIPTION
Number of Pages 344 ;
Accompanying material CD.
700 1# - ADDED ENTRY--PERSONAL NAME
Personal name Deshwal, Balraj .
700 1# - ADDED ENTRY--PERSONAL NAME
Personal name Vats, Satish Kumar .
942 ## - ADDED ENTRY ELEMENTS (KOHA)
Koha item type Books
Holdings
Withdrawn status Lost status Damaged status Home library Current library Date acquired Full call number Accession Number Koha item type
      KAUAET KAUAET 07/04/2012 540.0162 SIN/CO 21654 Books
free website counter